000 00578nam a2200205Ia 4500
999 _c50512
_d50512
001 17461
003 GE_BSU
005 20200302123505.0
008 181216s2000||||enk|||||||||||||| ||eng||
020 _a978033375753
040 _cGE_BSU
080 _a811.111 K-26
100 _aKay, Sue
_97676
245 _aInside out :
_bStudent's book
_cKay Sue & Jones Vaughan.
264 _aOxford :
_bMacmillan Education,
_c2000.
300 _a160 p.
_b30 cm.
653 _aინგლისური ენა
700 _aVaughan Jones
_eავტორი
_97677
942 _cBK
_2udc